The Gap is Widening (Record no. 84708)

MARC details
000 -LEADER
fixed length control field 00791cab a22001935a 4500
001 - CONTROL NUMBER
control field L158810
008 - FIXED-LENGTH DATA ELEMENTS--GENERAL INFORMATION
fixed length control field 150728e20150718xxk 000 0 eng d
035 ## - SYSTEM CONTROL NUMBER
System control number (Sirsi) u158810
041 0# - LANGUAGE CODE
Language code of text/sound track or separate title eng
100 1# - MAIN ENTRY--PERSONAL NAME
Personal name Stevens, David
245 04 - TITLE STATEMENT
Title The Gap is Widening
260 ## - PUBLICATION, DISTRIBUTION, ETC.
Date of publication, distribution, etc. 2015
490 ## - SERIES STATEMENT
Series statement Estates Gazette
Volume/sequential designation (1528) 18 July 2015, 70-72(3)
520 ## - SUMMARY, ETC.
Summary, etc. Argues why landlords, tenants, buyers and sellers should mind the registration gap which is the period of time between completion of a property disposition and the subsequent registration of the transaction at the Land Registry. Gives information about the legal position, break notices, forfeiture proceedings and Statutory notices.
590 ## - LOCAL NOTE (RLIN)
Local note KA
651 #4 - SUBJECT ADDED ENTRY--GEOGRAPHIC NAME
Geographic name United Kingdom
690 ## - LOCAL SUBJECT ADDED ENTRY--TOPICAL TERM (OCLC, RLIN)
Topical term or geographic name as entry element Property management
9 (RLIN) 6262
942 ## - ADDED ENTRY ELEMENTS (KOHA)
Suppress in OPAC 0
Holdings
Withdrawn status Lost status Source of classification or shelving scheme Damaged status Not for loan Home library Current library Shelving location Date acquired Total Checkouts Full call number Barcode Date last seen Copy number Price effective from Koha item type
    Dewey Decimal Classification     London London Journal article 28/07/2015   L158810 158810-1001 06/08/2019 1 06/08/2019 Journal article